Eagle-McDame area, Cassiar district, British Columbia, (Record no. 27351)

MARC details
000 -LEADER
fixed length control field 01017cam a22002651 4500
001 - CONTROL NUMBER
control field gs 37000130
003 - CONTROL NUMBER IDENTIFIER
control field DLC
005 - DATE AND TIME OF LATEST TRANSACTION
control field 20260227111341.0
008 - FIXED-LENGTH DATA ELEMENTS--GENERAL INFORMATION
fixed length control field 761110s1936 oncb b 000 0 eng c
010 ## - LIBRARY OF CONGRESS CONTROL NUMBER
LC control number gs 37000130
035 ## - SYSTEM CONTROL NUMBER
System control number (OCoLC)2549702
040 ## - CATALOGING SOURCE
Original cataloging agency U.S.Geol.survey. Library
Transcribing agency OGraD
Modifying agency NSbSU
-- DLC
050 00 - LIBRARY OF CONGRESS CALL NUMBER
Classification number QE185
Item number .A2 no. 194
051 ## - LIBRARY OF CONGRESS COPY, ISSUE, OFFPRINT STATEMENT
Classification number QE187
Item number .H3
100 1# - MAIN ENTRY--PERSONAL NAME
Personal name Hanson, George,
Dates associated with a name 1891-
245 10 - TITLE STATEMENT
Title Eagle-McDame area, Cassiar district, British Columbia,
Statement of responsibility, etc. by G. Hanson and D. A. McNaughton.
260 ## - PUBLICATION, DISTRIBUTION, ETC.
Place of publication, distribution, etc. Ottawa,
Name of publisher, distributor, etc. J.O. Patenaude, I.S.O., printer to the King,
Date of publication, distribution, etc. 1936.
300 ## - PHYSICAL DESCRIPTION
Extent 2 p. l., 16 p.
Other physical details fold. map (in pocket)
Dimensions 25 cm.
490 1# - SERIES STATEMENT
Series statement Canada. Geological Survey. Memoir 194
500 ## - GENERAL NOTE
General note At head of title: Canada. Department of Mines ... Bureau of Economic Geology.
500 ## - GENERAL NOTE
General note In lower right corner of t.-p.: no.2418.
504 ## - BIBLIOGRAPHY, ETC. NOTE
Bibliography, etc. note Bibliographical foot-notes.
650 #0 - SUBJECT ADDED ENTRY--TOPICAL TERM
Topical term or geographic name entry element Geology
Geographic subdivision British Columbia
-- Eagle-McDame area.
830 #0 - SERIES ADDED ENTRY--UNIFORM TITLE
Uniform title Memoir (Geological Survey of Canada) ;
Volume/sequential designation 194

No items available.

Powered by Koha